Deutsche Städte nach Fläche - Statistiken

Allgemein
  • Dieses Quiz wurde 90 mal gespielt
  • Das Durchschnittsergebnis liegt bei 4 aus 15
Antwortstatistiken
Antwort % Korrekt
Berlin
100%
Hamburg
100%
Köln
97%
Dresden
71%
Gardelegen
10%
Neustadt am Rübenberge
9%
Templin
8%
Wittstock/Dosse
8%
Nuthe-Urstromtal
6%
Jessen (Elster)
5%
Möckern
5%
Schwedt/Oder
5%
Zerbst/Anhalt
5%
Geestland
4%
Walsrode
4%
Keine übereinstimmenden Quizze gefunden
Verteilung der Resultate
Anzahl Personen mit jedem Resultat
Perzentil nach korrekt beantworteten Fragen
Ihre Resultats-Entwicklung
Sie haben dieses Quiz noch nicht gespielt